Rere les passes dels Patxot : la història de tres Rafaels (1802-1964) / la història de tres Rafaels (1802-1964) /
Descripción Física:
219 pàgines : il·lustracions ; 21 cm
Materias:
Patxot i Ferrer, Rafael, -- 1802-1865
; Rabell i Patxot, Rafael, -- 1832-1912
; Patxot i Jubert, Rafael, -- 1872-1964
; Burgesia -- Catalunya -- Història
Idioma:
Catalán
MARC
| LEADER | 00000cam a2200000 a 4500 | ||
|---|---|---|---|
| 001 | 25696 | ||
| 005 | 20260324181116.0 | ||
| 008 | 150212s2014 spco |||| 000 0 cat|c | ||
| 080 | |a Bib-587 | ||
| 100 | |a Ciurans, Xavier |q (Ciurans i Vinyeta) |9 53131 | ||
| 245 | 1 | 0 | |a Rere les passes dels Patxot : |b la història de tres Rafaels (1802-1964) / |c Xavier Ciurans i Vinyeta |
| 250 | |a Primera edició | ||
| 260 | |a Barcelona : |b Fundació Privada Betània Patmos, |c desembre del 2014 | ||
| 300 | |a 219 pàgines : |b il·lustracions ; |c 21 cm | ||
| 600 | 0 | |a Patxot i Ferrer, Rafael, |d 1802-1865 |2 lemac |9 53132 | |
| 600 | 0 | |a Rabell i Patxot, Rafael, |d 1832-1912 |2 lemac |9 53133 | |
| 600 | 0 | |a Patxot i Jubert, Rafael, |d 1872-1964 |2 lemac |9 53134 | |
| 650 | 0 | |a Burgesia |z Catalunya |x Història |2 lemac |9 53135 | |
| 710 | 2 | |9 53136 |a Fundació Privada Betània-Patmos | |
| 940 | |a BC | ||
| 942 | |2 udc |c ARXIU |n 1 | ||
| 952 | |0 0 |1 0 |4 0 |6 BIB587 |7 1 |9 62089 |a Arxiu |b Arxiu |d 2022-05-30 |l 0 |o Bib-587 |p 25696 |r 2022-05-30 00:00:00 |w 2022-05-30 |y ARXIU | ||
| 999 | |c 81798 |d 81798 | ||